000 00604cam a2200133 4500500
005 20260111091250.0
041 _afre
042 _adc
245 0 0 _ade Launay M., Une reconstruction rationnelle du judaïsme. Sur Hermann Cohen (1842-1918), coll. Religions en perspective 13, Genève, Labor et Fides, 2002, 23x15, 126 p., 19 €. ISBN 2-8309-1053-2
260 _c2005.
500 _a45
786 0 _nNouvelle revue théologique | 127 | 4 | 2005-12-15 | p. 666h-672h | 0029-4845
856 4 1 _uhttps://shs.cairn.info/revue-nouvelle-revue-theologique-2005-4-page-666h?lang=fr&redirect-ssocas=7080
999 _c1620773
_d1620773